000 00442 a2200145 4500
999 _c2138
_d2138
020 _a9780538453974
050 0 0 _aHF 5387 BRE 2012
100 1 _aBredeson, Dean A
_eauthor
245 1 0 _aApplied business ethics /
_cDean A. Bredeson and The University of Texas at Austin.
264 _aMason, Ohio :
_bSouth-Western,
_c2012
300 _axxvi, 358 p.:
_bill.
500 _aincludes
650 0 _aBusiness ethics.
942 _2lcc
_cBK
_h5387
_iBRE
_kHF